000 00429nam a2200169 i 4500
001 bg
100 1 _aDUNS SZKOT, Jan
245 0 _aTraktat o Pierwszej Zasadzie /
_cJan Duns Szkot.
260 _aWarszawa,
_c1988.
490 1 _aBiblioteka Klasyków Filozofii
830 _aBiblioteka Klasyków Filozofii
040 _cBPK
041 _apol
080 _a1:23/28
942 _cKS
008 s pl f |000 0 pol
999 _c28494
_d28494
856 _uhttp://koha.tu.koszalin.pl/cgi-bin/koha/opac-detail.pl?biblionumber=28494
_yKatalog online BPK